| 000 | 00985cam a2200277 a 4500 | ||
|---|---|---|---|
| 001 | 1613828 | ||
| 003 | ARRUPE | ||
| 005 | 20140910141911.0 | ||
| 008 | 950106s1995 kyu 000 0 eng | ||
| 010 | _a 95002524 | ||
| 020 | _a0664255957 (alk. paper) | ||
| 040 |
_aDLC _cDLC _dDLC |
||
| 050 | 0 | 0 |
_aBS680.H67 _bS64 1995 |
| 082 | 0 | 0 |
_a241/.66 _220 |
| 100 | 1 |
_aSoards, Marion L., _d1952- _911220 |
|
| 245 | 1 | 0 |
_aScripture and homosexuality : _bbiblical authority and the church today / _cMarion L. Soards. |
| 246 | 1 | 4 | _aScripture & homosexuality |
| 250 | _a1st ed. | ||
| 260 |
_aLouisville, Ky. : _bWestminster John Knox Press, _cc1995. |
||
| 300 |
_ax, 84 p. ; _c21 cm. |
||
| 650 | 0 |
_aHomosexuality _xBiblical teaching. _911221 |
|
| 650 | 0 |
_aHomosexuality _xReligious aspects _xChristianity. _911222 |
|
| 906 |
_a7 _bcbc _corignew _d1 _eocip _f19 _gy-gencatlg |
||
| 942 |
_2lcc _cMONOGRAPH |
||
| 999 |
_c120824 _d120824 |
||